000 00623nam a22002057a 4500
003 OSt
005 20140310182912.0
008 130128t xxu||||| |||| 00| 0 eng d
020 _a9789710445905
050 _aLB 2369
_b.B516 2010
082 _aFIL 808.02 .B516 2010
_b.B516 2010
245 _aResearch writing made simple : a modular approach for collegiate and graduate students
_cBermudo, Pedrito Jose V.,..[et al.]
260 _aManila
_bMindshapers
_c2010
300 _aix, 133 p.
_c24 cm.
521 _acollege students
526 _c1210L-1700L
541 _j1
562 _e2
942 _2lcc
_cBK
_kFIL
999 _c17247
_d17247